Statistics for History Northern Europe map

Click here to take the quiz!

General Stats

  • This quiz has been taken 24 times
  • The average score is 16 of 19

Answers on the Map

Answers color-coded by a green-red scale on the quiz's map according to % correct below.
 

Answer Stats

Answer% Correct
Belgium
88%
estonia
88%
finland
88%
france
88%
germany
88%
Iceland
88%
ireland
88%
Norway
88%
Poland
88%
russia
88%
Sweden
88%
ukraine
88%
United Kingdom
88%
belarus
82%
Czech Republic
82%
denmark
82%
latvia
82%
Lithuania
76%
netherlands
76%

Score Distribution

Percentile by Number Answered

Percent of People with Each Score

Your Score History

You have not taken this quiz